<?xml version="1.0" encoding="UTF-8"?>
<record
    xmlns:xsi="http://www.w3.org/2001/XMLSchema-instance"
    xsi:schemaLocation="http://www.loc.gov/MARC21/slim http://www.loc.gov/standards/marcxml/schema/MARC21slim.xsd"
    xmlns="http://www.loc.gov/MARC21/slim">

  <leader>01253nam0a2200325   4500</leader>
  <controlfield tag="001">RU\NLR\BIBL_A\022306633</controlfield>
  <controlfield tag="005">20260420013743.0</controlfield>
  <datafield tag="010" ind1=" " ind2=" ">
    <subfield code="a">978-5-389-25107-6</subfield>
    <subfield code="9">3000</subfield>
  </datafield>
  <datafield tag="021" ind1=" " ind2=" ">
    <subfield code="a">RU</subfield>
    <subfield code="b">&#x41A;&#x41D;-&#x41F;-24-040438</subfield>
    <subfield code="9">&#x41A;&#x41D;-&#x41F;-24-4010</subfield>
  </datafield>
  <datafield tag="035" ind1=" " ind2=" ">
    <subfield code="a">(NLR Aleph) 022306633</subfield>
  </datafield>
  <datafield tag="090" ind1=" " ind2=" ">
    <subfield code="a">13663607</subfield>
    <subfield code="c">13663607</subfield>
  </datafield>
  <datafield tag="100" ind1=" " ind2=" ">
    <subfield code="a">20240823d2024    u  y0rusy50      ca</subfield>
  </datafield>
  <datafield tag="101" ind1="1" ind2=" ">
    <subfield code="a">rus</subfield>
    <subfield code="c">eng</subfield>
  </datafield>
  <datafield tag="102" ind1=" " ind2=" ">
    <subfield code="a">RU</subfield>
  </datafield>
  <datafield tag="105" ind1=" " ind2=" ">
    <subfield code="a">y   z   000&#x430;y</subfield>
  </datafield>
  <datafield tag="181" ind1=" " ind2="0">
    <subfield code="a">i </subfield>
    <subfield code="b">axxe  </subfield>
  </datafield>
  <datafield tag="182" ind1=" " ind2="0">
    <subfield code="a">n</subfield>
  </datafield>
  <datafield tag="200" ind1="1" ind2=" ">
    <subfield code="a">&#x41C;&#x438;&#x441;&#x442;&#x438;&#x444;&#x438;&#x43A;&#x430;&#x446;&#x438;&#x44F;</subfield>
    <subfield code="e">[&#x440;&#x43E;&#x43C;&#x430;&#x43D;]</subfield>
    <subfield code="f">&#x414;&#x436;&#x43E;&#x437;&#x435;&#x444;&#x438;&#x43D;&#x430; &#x422;&#x44D;&#x439;</subfield>
    <subfield code="g">&#x43F;&#x435;&#x440;&#x435;&#x432;&#x43E;&#x434; &#x441; &#x430;&#x43D;&#x433;&#x43B;&#x438;&#x439;&#x441;&#x43A;&#x43E;&#x433;&#x43E; &#x420;&#x430;&#x438;&#x441;&#x44B; &#x411;&#x43E;&#x431;&#x440;&#x43E;&#x432;&#x43E;&#x439;</subfield>
  </datafield>
  <datafield tag="203" ind1=" " ind2=" ">
    <subfield code="a">&#x422;&#x435;&#x43A;&#x441;&#x442;</subfield>
    <subfield code="b">&#x432;&#x438;&#x437;&#x443;&#x430;&#x43B;&#x44C;&#x43D;&#x44B;&#x439;</subfield>
    <subfield code="c">&#x43D;&#x435;&#x43F;&#x43E;&#x441;&#x440;&#x435;&#x434;&#x441;&#x442;&#x432;&#x435;&#x43D;&#x43D;&#x44B;&#x439;</subfield>
  </datafield>
  <datafield tag="210" ind1=" " ind2=" ">
    <subfield code="a">&#x421;&#x430;&#x43D;&#x43A;&#x442;-&#x41F;&#x435;&#x442;&#x435;&#x440;&#x431;&#x443;&#x440;&#x433;</subfield>
    <subfield code="c">&#x410;&#x437;&#x431;&#x443;&#x43A;&#x430;-&#x410;&#x442;&#x442;&#x438;&#x43A;&#x443;&#x441;, &#x410;&#x437;&#x431;&#x443;&#x43A;&#x430;</subfield>
    <subfield code="d">2024</subfield>
  </datafield>
  <datafield tag="215" ind1=" " ind2=" ">
    <subfield code="a">348, [1] &#x441;.</subfield>
    <subfield code="d">18</subfield>
  </datafield>
  <datafield tag="225" ind1="1" ind2=" ">
    <subfield code="a">&#x417;&#x432;&#x435;&#x437;&#x434;&#x44B; &#x43A;&#x43B;&#x430;&#x441;&#x441;&#x438;&#x447;&#x435;&#x441;&#x43A;&#x43E;&#x433;&#x43E; &#x434;&#x435;&#x442;&#x435;&#x43A;&#x442;&#x438;&#x432;&#x430;</subfield>
  </datafield>
  <datafield tag="300" ind1=" " ind2=" ">
    <subfield code="a">&#x41D;&#x430; 4-&#x439; &#x441;. &#x43E;&#x431;&#x43B;. &#x430;&#x432;&#x442;.: &#x414;. &#x422;&#x44D;&#x439; (&#x43D;&#x430;&#x441;&#x442; &#x438;&#x43C;&#x44F; - &#x42D;. &#x41C;&#x430;&#x43A;&#x438;&#x43D;&#x442;&#x43E;&#x448;)</subfield>
  </datafield>
  <datafield tag="333" ind1=" " ind2=" ">
    <subfield code="a">16+</subfield>
  </datafield>
  <datafield tag="686" ind1="1" ind2=" ">
    <subfield code="a">&#x428;6(4&#x412;&#x43B;)67-446{&#x41B;&#x445;1299-60}</subfield>
  </datafield>
  <datafield tag="700" ind1=" " ind2="1">
    <subfield code="7">ca</subfield>
    <subfield code="8">rus</subfield>
    <subfield code="a">&#x422;&#x435;&#x439;</subfield>
    <subfield code="b">&#x414;.</subfield>
    <subfield code="f">1896-1952</subfield>
    <subfield code="g">&#x414;&#x436;&#x43E;&#x437;&#x435;&#x444;&#x438;&#x43D;&#x430;</subfield>
    <subfield code="9">112441</subfield>
    <subfield code="3">RU\NLR\AUTH\772429</subfield>
  </datafield>
  <datafield tag="942" ind1=" " ind2=" ">
    <subfield code="c">BOOK</subfield>
  </datafield>
  <datafield tag="980" ind1=" " ind2=" ">
    <subfield code="a">NB</subfield>
  </datafield>
</record>
